| 000 | 00755nam a2200229 a 4500 | ||
|---|---|---|---|
| 001 | 000005175 | ||
| 005 | 20210306001104.0 | ||
| 008 | 890428s1983 dr 000 f spa d | ||
| 040 |
_aDO-SdBNP _bspa _cBNPHU |
||
| 082 |
_aRD863.44 _bF385n |
||
| 100 | 1 |
_aFerreras, Ramon Alberto _911298 |
|
| 245 | 1 | 0 |
_aNegros / _cRamon Alberto Ferreras. |
| 260 |
_aSanto Domingo : _bEditorial del Nordeste, _c1983. |
||
| 300 |
_aviii, 439 p. ; _c21 cm. |
||
| 490 | 1 |
_aMedia Isla _v4 |
|
| 590 | _aInventariado, 2020/BT | ||
| 650 | 4 |
_aNegros _zRepública Dominicana _vNOVELA _914817 |
|
| 650 | 0 |
_aNovela histórica dominicana. _9860 |
|
| 651 | 0 |
_aRepública Dominicana _xHistoria _vNOVELA _912380 |
|
| 830 | 0 |
_aMedia Isla _n4 _914818 |
|
| 910 | _aValidado. Control de calidad MFF | ||
| 999 |
_c4978 _d4978 |
||